Wuthering heights / (Record no. 86707)
[ view plain ]
| 000 -LEADER | |
|---|---|
| fixed length control field | 00549nam a22001817a 4500 |
| 005 - DATE AND TIME OF LATEST TRANSACTION | |
| control field | 20140710110341.0 |
| 010 ## - LCCN (DPL NO) | |
| LC control number | BAC-CH25 |
| 020 ## - INTERNATIONAL STANDARD BOOK NUMBER | |
| International Standard Book Number | 9788184083323 |
| Terms of availability | 150.00 |
| 037 ## - SOURCE OF ACQUISITION | |
| Stock number | DPL |
| Source of stock number/acquisition | Indiana/vendor |
| 082 ## - DEWEY DECIMAL CLASSIFICATION NUMBER | |
| Classification number | S |
| 100 ## - MAIN ENTRY--PERSONAL NAME | |
| Personal name | Bronte, Emily |
| 245 ## - TITLE STATEMENT | |
| Title | Wuthering heights / |
| Statement of responsibility, etc | by Emily Bronte; adapted by Linda Louis |
| 260 ## - PUBLICATION, DISTRIBUTION, ETC. (IMPRINT) | |
| Place of publication, distribution, etc | New Delhi |
| Name of publisher, distributor, etc | indiana Publishing House |
| Date of publication, distribution, etc | 2013 |
| 270 ## - ADDRESS | |
| Address | 2/13 Ansari Road Darya Ganj |
| City | New Delhi |
| Postal code | 110 002 |
| 300 ## - PHYSICAL DESCRIPTION | |
| Extent | 240p. |
| Other physical details | ill. |
| Dimensions | 22cm.(Hb) |
| 490 ## - SERIES STATEMENT | |
| Series statement | Indiana illustrated classics |
| 942 ## - ADDED ENTRY ELEMENTS (KOHA) | |
| Source of classification or shelving scheme | Dewey Decimal Classification |
| Item type | Children Books |
| Classification part | S |
| Call number suffix | BRO |
No items available.
